| 000 | 00862nam a2200205 a 4500 | ||
|---|---|---|---|
| 001 | 000047710 | ||
| 005 | 20201002060706.0 | ||
| 008 | 180723s2012 dr a 000 0 spa d | ||
| 040 |
_aDO-SdBNP _bspa _cBNPHU |
||
| 082 |
_a378.0021 _bR426i, 2012 |
||
| 110 | 2 |
_aRepública Dominicana. _bMinisterio de Educación Superior, Ciencia y Tecnología MESCyT _975314 |
|
| 245 | 1 | 0 | _aInforme general sobre estadísticas de educación superior 2010-2011. |
| 260 |
_aSanto Domingo : _bMESCyT, _c2012. |
||
| 300 |
_a523 p. : _bil. ; _c28 cm. |
||
| 590 | _aInventariado, 2018/LP | ||
| 650 | 4 |
_aEducación superior _zRepública Dominicana _vESTADÍSTICAS _y2010-2011 _975315 |
|
| 650 | 4 |
_aEducación superior _zRepública Dominicana _xHistoria _y2010-2011 _975316 |
|
| 650 | 4 |
_aPolítica educativa _zRepública Dominicana _y2010-2011 _975317 |
|
| 910 | _aValidado. Control de calidad MFF | ||
| 999 |
_c47198 _d47198 |
||